000 00546cam a22001577a 4500
008 180718b2013 xxu||||| |||| 00| 0 eng d
020 _a9788184842692
082 _aF5x5413 Sh23
100 _aSharma, L.N.
245 _aPolitics and good governance : a study of the Chief Ministers of Bihar : from S.K.Sinha to Nitish Kumar
_cby L.N. Sharma
260 _aNew Delhi
_bRegal
_c2013
300 _a309p.
650 _aChief ministers --India --Bihar
650 _aSinha, Shri Krishna, 1887-1961
650 _aBihar (India) -- Politics and government
999 _c443650
_d443650